| 000 | 00775nam a22002177a 4500 | ||
|---|---|---|---|
| 005 | 20180803170416.0 | ||
| 008 | 170818b2008 ck ||||| |||| 00| 0 spa d | ||
| 040 |
_aCO-BoIAVH _cCO-BoIAVH |
||
| 041 | _aspa | ||
| 044 | _ack | ||
| 082 |
_a333.75 _bG57e |
||
| 110 | _aUnión Europea | ||
| 245 | 1 | 0 | _aEstrategia nacional de prevención, seguimiento, control y vigilancia forestal |
| 260 |
_aPereira: _bMinisterio de Ambiente Vivienda y Desarrollo Territorial, _bGobernanza Forestal, Bosques FLEGT, _bUnión Europea. _c2008. |
||
| 300 |
_a56. páginas _b20 x 22 _c25 x 18 |
||
| 650 | 1 | 4 | _aAprovechamiento forestal |
| 650 | 1 | 4 | _aVigilancia forestal |
| 650 | 1 | 4 | _aOrdenación forestal |
| 650 | 1 | 4 | _aIndustrias forestales |
| 942 |
_2ddc _cLIBRO |
||
| 999 |
_c19764 _d19764 |
||